000 00252nam a2200097Ia 4500
001 707563
005 20250826162510.0
008 250824s9999 xx 000 0 und d
245 0 _aALİCE HARİKALAR DİYARINDA
_cLEWİS CARROL
260 _bTİMAŞ YAYINLARI
999 _c707563
_d707563